[Event "SR 2. liga A 2013/2014"]
[Site "?"]
[Date "2013.11.24"]
[Round "4.2"]
[White "Feder, Marek"]
[Black "Gogora, Kristian"]
[Result "1-0"]
[WhiteElo "1874"]
[BlackElo "1218"]
[PlyCount "107"]
[EventDate "2013.??.??"]

1. Nf3 Nc6 2. c4 e5 3. Nc3 Nf6 4. d3 h6 5. a3 a5 6. e3 Be7 7. d4 exd4 8. Nxd4
Nxd4 9. exd4 b6 10. Be2 Bb7 11. d5 O-O 12. O-O Re8 13. Be3 Bd6 14. Nb5 Bf8 15.
Bf4 d6 16. Bd3 Ba6 17. Nd4 Bb7 18. Qf3 Qd7 19. Bxh6 gxh6 20. Qxf6 Bg7 21. Qh4
Qe7 22. Qxe7 Rxe7 23. Nf5 Re5 24. f4 Ree8 25. Rab1 Bf8 26. Rf3 b5 27. b3 a4 28.
Rg3+ Kh8 29. Rh3 axb3 30. Rxb3 bxc4 31. Rxb7 cxd3 32. Rxd3 Re4 33. g3 Rc4 34.
h3 Kh7 35. Kf2 Kg6 36. Nd4 Bg7 37. Nc6 Rc2+ 38. Kf3 Rc3 39. Ne7+ Kh7 40. Rb3
Rxb3 41. Rxb3 Ra5 42. Ke4 Bf6 43. Nc6 Ra4+ 44. Nb4 Kg6 45. g4 Bg7 46. Kd3 h5
47. Kc4 Ra5 48. a4 hxg4 49. hxg4 f5 50. g5 Kh5 51. Rh3+ Kg6 52. Kb3 Kf7 53. Rh2
Ke7 54. Nc6+ 1-0

[Event "SR 2. liga A 2013/2014"]
[Site "?"]
[Date "2013.11.24"]
[Round "4.3"]
[White "Dolnak, Michal"]
[Black "Frindt, Kornel"]
[Result "1/2-1/2"]
[WhiteElo "2164"]
[BlackElo "2164"]
[PlyCount "116"]
[EventDate "2013.??.??"]

1. d4 c5 2. d5 Nf6 3. Nc3 g6 4. e4 d6 5. a4 Bg7 6. Be2 O-O 7. h3 e6 8. Nf3 exd5
9. exd5 Na6 10. Nd2 Nb4 11. Nc4 Bf5 12. Ne3 Bd7 13. O-O Qe7 14. Bf3 Rfe8 15.
Bd2 Bf5 16. Nxf5 gxf5 17. Bg5 Qd7 18. Bxf6 Bxf6 19. Qd2 Kg7 20. Nd1 Na6 21. c3
Nc7 22. Ne3 Bg5 23. Rfe1 Re5 24. Qd3 Rae8 25. Nc2 Rxe1+ 26. Nxe1 Re5 27. Qc4
Ne8 28. Nd3 Re7 29. b4 b6 30. bxc5 bxc5 31. Qb5 Nf6 32. Qxd7 Rxd7 33. Rb1 Ne4
34. Bxe4 fxe4 35. Ne1 c4 36. Nc2 Bd2 37. Rb4 Rc7 38. Na3 Bxc3 39. Rxc4 Rxc4 40.
Nxc4 Bb4 41. Kf1 Kg6 42. Ke2 Kf5 43. Ke3 Bc5+ 44. Ke2 Kf4 45. Ke1 f5 46. Ke2
Kg5 47. Nd2 Kf4 48. Nc4 Bb4 49. g3+ Kg5 50. f4+ Kg6 51. Ne3 h5 52. h4 Kf6 53.
Nc4 Bc5 54. Kf1 Ke7 55. Kg2 Kd7 56. Kf1 Kc7 57. Kg2 Bd4 58. Kf1 Bc5 1/2-1/2

[Event "SR 2. liga A 2013/2014"]
[Site "?"]
[Date "2013.11.24"]
[Round "4.3"]
[White "Cech, Dominik"]
[Black "Slacky, Stanislav"]
[Result "1/2-1/2"]
[WhiteElo "2106"]
[BlackElo "2208"]
[PlyCount "70"]
[EventDate "2013.??.??"]

1. e4 Nf6 2. e5 Nd5 3. d4 d6 4. c4 Nb6 5. exd6 exd6 6. Nc3 Nc6 7. h3 Bf5 8. Be3
Be7 9. Nf3 Bf6 10. Be2 O-O 11. O-O d5 12. c5 Nc8 13. a3 Be4 14. Qa4 N8e7 15. g4
g6 16. Nd2 b6 17. Ndxe4 dxe4 18. Nxe4 Bg7 19. Rad1 bxc5 20. dxc5 Qe8 21. Qc2 f5
22. Ng5 f4 23. Bc1 Ne5 24. Bc4+ Kh8 25. f3 Qc6 26. Ne4 a5 27. b4 axb4 28. axb4
Ra1 29. Qe2 Qa4 30. Bb5 Qb3 31. Bd2 Rxd1 32. Qxd1 Qxd1 33. Rxd1 Nxf3+ 34. Kf2
Nd4 35. Bc4 Nc2 1/2-1/2

[Event "SR 2. liga A 2013/2014"]
[Site "?"]
[Date "2013.11.24"]
[Round "4.3"]
[White "Bronis, Marian"]
[Black "Danada, Tomas"]
[Result "1-0"]
[WhiteElo "2175"]
[BlackElo "2099"]
[PlyCount "39"]
[EventDate "2013.??.??"]

1. d4 Nf6 2. c4 g6 3. Nc3 Bg7 4. e4 O-O 5. Be3 Nc6 6. f3 e5 7. Nge2 Re8 8. d5
Nd4 9. Nxd4 exd4 10. Bxd4 Nxe4 11. fxe4 Qh4+ 12. Bf2 Bxc3+ 13. bxc3 Rxe4+ 14.
Be2 Qf6 15. Qd3 d6 16. O-O Bf5 17. Bf3 Rf4 18. Qd2 Bh3 19. Bd4 Qf5 20. Be3 1-0

[Event "SR 2. liga A 2013/2014"]
[Site "?"]
[Date "2013.11.24"]
[Round "4.3"]
[White "Petrik, Stanislav"]
[Black "Petreje, Juraj"]
[Result "1-0"]
[WhiteElo "2175"]
[BlackElo "2106"]
[PlyCount "121"]
[EventDate "2013.??.??"]

1. e4 g6 2. d4 Bg7 3. Be3 d6 4. Nc3 Nc6 5. d5 Nb8 6. Bd3 Nd7 7. Nf3 Ngf6 8. h3
c6 9. O-O O-O 10. Re1 Nc5 11. dxc6 bxc6 12. Bxc5 dxc5 13. Bc4 Nd7 14. e5 Nb6
15. Bf1 Be6 16. Ne4 c4 17. Nc5 Bd5 18. Nd4 Qc7 19. Qe2 Nd7 20. Nxd7 Qxd7 21.
Rad1 Qc7 22. b3 c3 23. Qe3 Qa5 24. a4 Rfd8 25. Ne2 Be6 26. Rxd8+ Rxd8 27. Nxc3
Bf5 28. Re2 Qb6 29. Qxb6 axb6 30. g3 Bc8 31. Bg2 Ba6 32. Re1 Rd2 33. Bxc6 Rxc2
34. Nd5 Bf8 35. Nb4 Rc3 36. e6 f5 37. Bd5 Bc8 38. Kf1 Kg7 39. Ke2 Rc5 40. Kd3
Kf6 41. Kd4 Bg7 42. Bc4 Kg5+ 43. Kd3 Bb7 44. f4+ Kh6 45. Rg1 Be4+ 46. Ke3 Rc8
47. Rd1 Bf6 48. g4 g5 49. gxf5 Bxf5 50. Nd5 Bc2 51. Rd2 gxf4+ 52. Kf3 Bg6 53.
Nxf6 exf6 54. Rd6 Kg5 55. Rxb6 Bh5+ 56. Kf2 Rd8 57. Rb5+ f5 58. Rd5 Re8 59. Rd7
Bg6 60. a5 Ra8 61. a6 1-0

[Event "SR 2. liga A 2013/2014"]
[Site "?"]
[Date "2013.11.24"]
[Round "4.3"]
[White "Kebis, Milos"]
[Black "Petrik, Karol"]
[Result "0-1"]
[WhiteElo "1997"]
[BlackElo "2107"]
[PlyCount "46"]
[EventDate "2013.??.??"]

1. d4 g6 2. c4 Bg7 3. Nf3 Nf6 4. Nc3 O-O 5. e4 d6 6. Be2 Bg4 7. Be3 Nc6 8. d5
Bxf3 9. Bxf3 Ne5 10. Be2 c5 11. O-O Ne8 12. Rb1 e6 13. f4 Nd7 14. Qc2 Qe7 15.
Bf3 Nc7 16. Qd2 exd5 17. Nxd5 Nxd5 18. Qxd5 Nf6 19. Qd3 Rfe8 20. Rfe1 Nxe4 21.
Bxe4 Qxe4 22. Qxd6 Qxc4 23. Bxc5 Bf8 0-1

[Event "SR 2. liga A 2013/2014"]
[Site "?"]
[Date "2013.11.24"]
[Round "4.3"]
[White "Karas, Marek"]
[Black "Mandak, Miroslav"]
[Result "1/2-1/2"]
[WhiteElo "2037"]
[BlackElo "2008"]
[PlyCount "108"]
[EventDate "2013.??.??"]

1. d4 c5 2. d5 e5 3. e4 d6 4. c4 f5 5. Nc3 Be7 6. exf5 Bxf5 7. Bd3 Bxd3 8. Qxd3
Na6 9. a3 Qd7 10. Nh3 Bf6 11. f3 Ne7 12. Nb5 Bh4+ 13. Ke2 O-O 14. Bg5 Ng6 15.
Qe4 Bxg5 16. Nxg5 Rf4 17. Qc2 e4 18. Nxe4 Rxe4+ 19. fxe4 Qg4+ 20. Kd3 Qd7 21.
Rhf1 Nb8 22. Qe2 Qe7 23. g3 a6 24. Nc3 b5 25. Kc2 bxc4 26. Qxc4 Nd7 27. Qe2
Nge5 28. b3 c4 29. b4 Qe8 30. Rf4 a5 31. b5 Nd3 32. Rh4 Nf6 33. g4 g5 34. Rh6
Kg7 35. Rxf6 Kxf6 36. Rf1+ Nf4 37. Qxc4 Rc8 38. Qd4+ Kg6 39. Kd2 Qd7 40. h4 Rf8
41. h5+ Kh6 42. Qb6 Kg7 43. Qd4+ Kh6 44. Rg1 Nh3 45. Rg3 Nf4 46. b6 Qe7 47. Nd1
Qd7 48. a4 Qc8 49. Ne3 Ne2 50. Kxe2 Rf2+ 51. Kd1 Rf1+ 52. Ke2 Rf2+ 53. Kxf2
Qc2+ 54. Kf3 Qf2+ 1/2-1/2

[Event "SR 2. liga A 2013/2014"]
[Site "?"]
[Date "2013.11.24"]
[Round "4.3"]
[White "Povysil, Peter"]
[Black "Polacik, Igor"]
[Result "0-1"]
[WhiteElo "1991"]
[BlackElo "2168"]
[PlyCount "72"]
[EventDate "2013.??.??"]

1. d4 Nf6 2. Nf3 g6 3. g3 Bg7 4. Bg2 O-O 5. O-O d6 6. c4 Nc6 7. Nc3 a6 8. Bg5
h6 9. Bxf6 Bxf6 10. Qd2 Bg7 11. e4 Rb8 12. Rac1 Bg4 13. Ne2 e5 14. d5 Ne7 15.
Ne1 c5 16. h3 Bd7 17. Nd3 b5 18. b3 f5 19. f4 fxe4 20. Nf2 e3 21. Qxe3 exf4 22.
Nxf4 Bd4 23. Qd3 bxc4 24. Rxc4 g5 25. Rxd4 cxd4 26. Ne6 Bxe6 27. dxe6 Qb6 28.
Ng4 Kg7 29. Rf7+ Rxf7 30. exf7 Rf8 31. Qc4 d5 32. Qd3 Rxf7 33. Ne5 Rf5 34. Nd7
Qa7 35. Bxd5 Qxd7 36. Qxd4+ Rf6 0-1

[Event "SR 2. liga A 2013/2014"]
[Site "?"]
[Date "2013.11.24"]
[Round "4.3"]
[White "Krajnak, Robert"]
[Black "Dzavik, Jozef"]
[Result "1-0"]
[WhiteElo "2045"]
[BlackElo "1974"]
[PlyCount "53"]
[EventDate "2013.??.??"]

1. c4 e5 2. Nc3 Nc6 3. g3 g6 4. Bg2 Bg7 5. Rb1 a5 6. a3 Nge7 7. b4 axb4 8. axb4
d6 9. e3 O-O 10. b5 Na5 11. d3 Ra7 12. Nge2 b6 13. O-O Bb7 14. Nd5 f5 15. f4
Kh8 16. Qc2 Bc8 17. Nxe7 Qxe7 18. Nc3 Bb7 19. Nd5 Bxd5 20. Bxd5 Nb7 21. e4 exf4
22. gxf4 Bd4+ 23. Kh1 Nc5 24. exf5 gxf5 25. Bd2 Ra3 26. Bb4 Rxd3 27. Bxc5 1-0

[Event "SR 2. liga A 2013/2014"]
[Site "?"]
[Date "2013.11.24"]
[Round "4.4"]
[White "Sosovicka, Juraj"]
[Black "Cibulka, Vladimir"]
[Result "1/2-1/2"]
[WhiteElo "2188"]
[BlackElo "2238"]
[PlyCount "32"]
[EventDate "2013.??.??"]

1. e4 Nc6 2. Nf3 d6 3. d4 Nf6 4. Nc3 Bg4 5. d5 Nb8 6. h3 Bxf3 7. Qxf3 g6 8.
Bb5+ Nfd7 9. h4 a6 10. Be2 h5 11. Bg5 Bg7 12. Qe3 c6 13. g4 hxg4 14. Bxg4 Qb6
15. Qxb6 Nxb6 16. dxc6 Nxc6 1/2-1/2

[Event "SR 2. liga A 2013/2014"]
[Site "?"]
[Date "2013.11.23"]
[Round "4.4"]
[White "Marosi, Csaba"]
[Black "Zatko, Gregor"]
[Result "1/2-1/2"]
[WhiteElo "1999"]
[BlackElo "2188"]
[PlyCount "66"]
[EventDate "2013.??.??"]

1. e4 g6 2. d4 Bg7 3. Nc3 d6 4. Be3 a6 5. f3 Nd7 6. Qd2 b5 7. g4 c5 8. Nge2
cxd4 9. Bxd4 Ngf6 10. O-O-O Bb7 11. Ng3 O-O 12. h4 e5 13. Be3 b4 14. Nb1 d5 15.
g5 d4 16. gxf6 Qxf6 17. Be2 Nc5 18. Bh6 d3 19. Bxg7 Kxg7 20. Bxd3 Nxd3+ 21.
Qxd3 Qf4+ 22. Nd2 Qxg3 23. h5 Qf4 24. Qf1 Rac8 25. Kb1 Rc7 26. hxg6 fxg6 27.
Qh3 h6 28. Qe6 Rf6 29. Qe8 Rfc6 30. Nb3 Rf6 31. Rd3 Bc6 32. Qb8 Rb7 33. Qc8
Rbf7 1/2-1/2

[Event "SR 2. liga A 2013/2014"]
[Site "?"]
[Date "2013.11.24"]
[Round "4.4"]
[White "Oprea, Erik"]
[Black "Veselsky, Jozef"]
[Result "1-0"]
[WhiteElo "2130"]
[BlackElo "2160"]
[PlyCount "63"]
[EventDate "2013.??.??"]

1. e4 c5 2. Nf3 Nc6 3. d4 cxd4 4. Nxd4 Nf6 5. Nc3 d6 6. Be2 g6 7. Be3 Bg7 8. f3
O-O 9. Qd2 Bd7 10. O-O-O Nxd4 11. Bxd4 a6 12. Kb1 Rc8 13. g4 b5 14. a3 Be6 15.
Nd5 Bxd5 16. exd5 Qc7 17. h4 Nxd5 18. Bxg7 Kxg7 19. h5 Nf6 20. Bd3 Ng8 21. g5
d5 22. f4 e5 23. fxe5 Qxe5 24. Rde1 Qd6 25. Qf2 Rfe8 26. Qd4+ Kf8 27. h6 Re6
28. Qg7+ Ke7 29. Qxh7 Qg3 30. Rxe6+ Kxe6 31. Qg7 Nxh6 32. Qf6+ 1-0

[Event "SR 2. liga A 2013/2014"]
[Site "?"]
[Date "2013.11.24"]
[Round "4.4"]
[White "Darazs, Zoltan"]
[Black "Hricak, Vasil"]
[Result "1-0"]
[WhiteElo "2108"]
[BlackElo "2118"]
[PlyCount "153"]
[EventDate "2013.??.??"]

1. e4 c5 2. Nf3 Nc6 3. d4 cxd4 4. Nxd4 Nf6 5. Nc3 d6 6. Bg5 e6 7. Qd2 Be7 8.
O-O-O a6 9. f4 Qc7 10. Bxf6 gxf6 11. Be2 Bd7 12. Bh5 Nxd4 13. Qxd4 Rf8 14. f5
O-O-O 15. Qa7 Qc5 16. Qxc5+ dxc5 17. Rhf1 Bc6 18. Bg4 Rxd1+ 19. Rxd1 Bd7 20.
Ne2 Rg8 21. Bh3 exf5 22. exf5 Bf8 23. Nc3 Bc6 24. Nd5 Bxd5 25. Rxd5 b6 26. Kd2
Bh6+ 27. Kc3 Bf4 28. g3 Be5+ 29. Kb3 Kc7 30. Bf1 a5 31. Bb5 Bd6 32. a4 Rg5 33.
Be8 Rh5 34. Rd2 Rxf5 35. Bxf7 Re5 36. c3 Re7 37. Bd5 Be5 38. Kc4 Rg7 39. Be4 h6
40. Bf5 Re7 41. Re2 Kd6 42. Re4 Re8 43. Rh4 Rh8 44. Rg4 Kc6 45. Be4+ Kd6 46.
Bf5 Kc6 47. Rg7 Bc7 48. Re7 Bd8 49. Re6+ Kc7 50. Kb5 Kb7 51. Be4+ Kb8 52. Rd6
Rf8 53. Rd7 f5 54. Bxf5 Rxf5 55. Rxd8+ Kc7 56. Rd2 Re5 57. Rf2 Re6 58. g4 Kd7
59. h4 Kc7 60. g5 hxg5 61. hxg5 Rg6 62. Rf7+ Kc8 63. Rf6 Rxg5 64. Rxb6 Kc7 65.
Rc6+ Kb7 66. Rxc5 Rg6 67. Kxa5 Ra6+ 68. Kb4 Rd6 69. Rg5 Ka7 70. c4 Kb7 71. c5
Re6 72. Kb5 Rf6 73. Rg7+ Kb8 74. c6 Rf8 75. Kb6 Ka8 76. Ra7+ Kb8 77. c7+ 1-0

[Event "SR 2. liga A 2013/2014"]
[Site "?"]
[Date "2013.11.24"]
[Round "4.4"]
[White "Sosovicka, Matej"]
[Black "Kalmar, Tamas"]
[Result "1/2-1/2"]
[WhiteElo "2098"]
[BlackElo "1974"]
[PlyCount "122"]
[EventDate "2013.??.??"]

1. e4 c6 2. d4 d5 3. Nc3 dxe4 4. Nxe4 Bf5 5. Ng3 Bg6 6. h4 h6 7. Nf3 Nd7 8. h5
Bh7 9. Bd3 Bxd3 10. Qxd3 Ngf6 11. Bd2 Qc7 12. O-O-O e6 13. Qe2 O-O-O 14. Ne5
Nb6 15. Ba5 Rd5 16. Bxb6 axb6 17. c4 Rd8 18. Kb1 Bd6 19. f4 Kb8 20. Rd3 Qe7 21.
Rf1 Rhe8 22. a3 Qc7 23. Ne4 Nxe4 24. Qxe4 f5 25. Qe2 Bxe5 26. Qxe5 Qxe5 27.
fxe5 Rg8 28. d5 cxd5 29. cxd5 exd5 30. Rxf5 Rge8 31. g4 Re7 32. Kc2 d4 33. Rf4
Rxe5 34. Rdxd4 Rxd4 35. Rxd4 Rg5 36. Kd3 Kc7 37. Ke3 Kc6 38. Kf4 Kc5 39. Rd7
Kc4 40. Rxb7 b5 41. b4 Kb3 42. Ra7 g6 43. hxg6 Rxg6 44. Rb7 Rg5 45. Ra7 Rg6 46.
Ra5 Rg5 47. Ra6 Rd5 48. Ke4 Rg5 49. Kf4 Rd5 50. Ke4 Rg5 51. Kf3 h5 52. gxh5
Rxh5 53. Ke4 Rh1 54. Kd4 Rc1 55. Ra5 Rc2 56. Kd5 Rc1 57. Ra6 Rc2 58. Ra5 Rc1
59. Rxb5 Kxa3 60. Rc5 Rh1 61. b5 Kb4 1/2-1/2

[Event "SR 2. liga A 2013/2014"]
[Site "?"]
[Date "2013.11.24"]
[Round "4.4"]
[White "Meszaros, Lorant"]
[Black "Ochrana, Ladislav"]
[Result "1-0"]
[WhiteElo "2027"]
[BlackElo "2045"]
[PlyCount "49"]
[EventDate "2013.??.??"]

1. d4 d5 2. c4 e6 3. Nf3 dxc4 4. e4 c5 5. Bxc4 cxd4 6. O-O Nc6 7. Bf4 a6 8. a4
Nge7 9. e5 Ng6 10. Bg3 Be7 11. Nbd2 O-O 12. h4 Qc7 13. Re1 Bb4 14. Bd3 Nge7 15.
Bxh7+ Kxh7 16. Ng5+ Kg8 17. Qh5 Rd8 18. Qxf7+ Kh8 19. Nde4 Nd5 20. Qh5+ Kg8 21.
Qh7+ Kf8 22. Qh8+ Ke7 23. Qxg7+ Ke8 24. Qg8+ Bf8 25. Qg6+ 1-0

[Event "SR 2. liga A 2013/2014"]
[Site "?"]
[Date "2013.11.24"]
[Round "4.4"]
[White "Szollos, Ondrej"]
[Black "Vegh, Vince"]
[Result "1-0"]
[WhiteElo "1983"]
[BlackElo "1938"]
[PlyCount "104"]
[EventDate "2013.??.??"]

1. e4 c5 2. Nf3 Nc6 3. d4 cxd4 4. Nxd4 Nf6 5. Nc3 e5 6. Ndb5 d6 7. Bg5 a6 8.
Na3 b5 9. Bxf6 gxf6 10. Nd5 Bg7 11. Bd3 Be6 12. c4 Nd4 13. O-O Bxd5 14. cxd5
O-O 15. Nc2 Nxc2 16. Qxc2 Rc8 17. Qe2 Qb6 18. a4 Rb8 19. axb5 axb5 20. Rfc1
Rfc8 21. b3 Rc5 22. b4 Rxc1+ 23. Rxc1 Qd4 24. Bxb5 Qxb4 25. Bd7 Qd4 26. Bf5 Ra8
27. g3 Ra1 28. Rxa1 Qxa1+ 29. Kg2 Qa5 30. Qh5 h6 31. Qe2 Qc7 32. Qb5 Bf8 33.
Qc6 Qe7 34. h4 Kg7 35. Qc4 Kg8 36. Qe2 Bg7 37. Qf3 Kh8 38. Bg4 Kg8 39. Qf5 Kh8
40. Qc8+ Bf8 41. Qd7 Qxd7 42. Bxd7 Bg7 43. Kh3 Kg8 44. Kg4 Kf8 45. Kf5 Ke7 46.
Bc6 Kf8 47. f4 Ke7 48. fxe5 fxe5 49. g4 Bf6 50. g5 hxg5 51. hxg5 Bg7 52. Bb5
Bh8 1-0

[Event "SR 2. liga A 2013/2014"]
[Site "?"]
[Date "2013.11.24"]
[Round "4.4"]
[White "Szitasi, Janos"]
[Black "Kucera, Michal"]
[Result "1/2-1/2"]
[WhiteElo "1983"]
[BlackElo "1943"]
[PlyCount "121"]
[EventDate "2013.??.??"]

1. Nf3 Nf6 2. d3 d5 3. c3 g6 4. Bf4 Bg7 5. Qc1 O-O 6. Bh6 c5 7. Bxg7 Kxg7 8.
Nbd2 Nc6 9. e4 e5 10. Be2 d4 11. O-O Bg4 12. h3 Be6 13. cxd4 cxd4 14. Qb1 h6
15. b4 b6 16. b5 Na5 17. Nxe5 Qd6 18. Nef3 Nh5 19. Re1 Rfd8 20. e5 Qa3 21. Bf1
Nf4 22. Re4 Nd5 23. Nxd4 Nc3 24. Nxe6+ fxe6 25. Qb4 Qxb4 26. Rxb4 Rac8 27. Ne4
Nd5 28. Rb2 Nb7 29. d4 Rc7 30. Rd2 Rdc8 31. g3 Kf7 32. Rad1 Ke7 33. Kg2 Rc2 34.
Bd3 R2c7 35. h4 Kf7 36. Re1 Nb4 37. Bb1 Nd5 38. Rde2 Rg8 39. Nd6+ Ke7 40. Be4
Rd8 41. Nxb7 Rxb7 42. Bxg6 Nc3 43. Rb2 Rxd4 44. Rc1 Na4 45. Rbc2 Nc5 46. Rc3
Rbd7 47. Rf3 Kd8 48. Rf8+ Kc7 49. Rh8 Rb4 50. Rxh6 Rd5 51. Rh7+ Kb8 52. Rc3 Rd7
53. Rxd7 Nxd7 54. Re3 Rxb5 55. Bf7 Nf8 56. h5 Kc7 57. g4 Kd7 58. g5 Ke7 59. g6
Nd7 60. g7 Kxf7 61. Rg3 1/2-1/2

[Event "SR 2. liga A 2013/2014"]
[Site "?"]
[Date "2013.11.24"]
[Round "4.5"]
[White "Banas, Jan"]
[Black "Cajka, Tibor"]
[Result "1/2-1/2"]
[WhiteElo "2293"]
[BlackElo "2162"]
[PlyCount "41"]
[EventDate "2013.??.??"]

1. Nf3 c5 2. c4 Nc6 3. Nc3 g6 4. e3 Bg7 5. d4 Qa5 6. Be2 d6 7. O-O Nf6 8. d5
Ne5 9. Nxe5 dxe5 10. e4 O-O 11. Be3 a6 12. a3 e6 13. Qc2 exd5 14. Nxd5 Be6 15.
b4 cxb4 16. axb4 Qd8 17. Nb6 Rb8 18. Bc5 Re8 19. Rad1 Qc7 20. Na4 Bf8 21. Bxf8
1/2-1/2

[Event "SR 2. liga A 2013/2014"]
[Site "?"]
[Date "2013.11.24"]
[Round "4.5"]
[White "Jozefek, Michal"]
[Black "Certek, Pavel"]
[Result "1-0"]
[WhiteElo "2168"]
[BlackElo "2286"]
[PlyCount "135"]
[EventDate "2013.??.??"]

1. d4 Nf6 2. c4 e6 3. Nc3 Bb4 4. Qc2 c5 5. dxc5 Bxc5 6. Nf3 Nc6 7. e3 O-O 8.
Be2 b6 9. a3 Bb7 10. O-O Rc8 11. Rd1 Qc7 12. b4 Be7 13. Bb2 Qb8 14. Rac1 Rfd8
15. Qb3 d6 16. h3 Qa8 17. Nd2 Ne5 18. f4 Ng6 19. Bf3 Nh4 20. Bxb7 Qxb7 21. e4
a6 22. Kh2 Ng6 23. g3 b5 24. cxb5 axb5 25. Re1 Nf8 26. Re2 d5 27. e5 N6d7 28.
Nf3 Rc4 29. Rd1 Qb6 30. Nb1 Rdc8 31. Nbd2 R4c7 32. Qd3 Rb7 33. Nb3 Qa6 34. Nfd4
Nb8 35. Na5 Rb6 36. Rc2 Nfd7 37. Rdc1 Rc4 38. Nxc4 dxc4 39. Qf3 g6 40. Rd1 Rb7
41. Rcd2 Rc7 42. Nc2 Qc8 43. Bd4 Nc6 44. Bf2 Bf8 45. Nd4 Nxd4 46. Bxd4 Be7 47.
Qe3 Qb7 48. g4 Nf8 49. Bb6 Rc6 50. Bd8 Kg7 51. Bxe7 Qxe7 52. Rd6 Rc7 53. Qd4 c3
54. Rc1 Rc4 55. Qe3 c2 56. Rd2 Qc7 57. Qf2 Nd7 58. Rcxc2 Nb6 59. Rxc4 bxc4 60.
Qc5 Qb7 61. f5 Qe4 62. f6+ Kh6 63. Kg3 Qe1+ 64. Rf2 Qe3+ 65. Rf3 Qe1+ 66. Kg2
Nd5 67. Qf2 Qxf2+ 68. Kxf2 1-0

[Event "SR 2. liga A 2013/2014"]
[Site "?"]
[Date "2013.11.24"]
[Round "4.5"]
[White "Fabry, Robert"]
[Black "Bury, Rastislav"]
[Result "1/2-1/2"]
[WhiteElo "2132"]
[BlackElo "2120"]
[PlyCount "95"]
[EventDate "2013.??.??"]

1. Nf3 Nf6 2. b3 e6 3. Bb2 Be7 4. e3 b6 5. Be2 Bb7 6. O-O O-O 7. c4 d6 8. d4
Nbd7 9. Nc3 Ne4 10. Nxe4 Bxe4 11. Nd2 Bb7 12. Bf3 Qc8 13. Bxb7 Qxb7 14. e4 c5
15. Qe2 cxd4 16. Bxd4 Bf6 17. Bxf6 Nxf6 18. Rfe1 Rab8 19. f4 b5 20. e5 dxe5 21.
fxe5 Nd7 22. Qg4 Qc7 23. Qe4 Rfd8 24. Nf3 bxc4 25. Ng5 Nf8 26. Qxc4 Qxc4 27.
bxc4 Rd2 28. Rab1 Rc8 29. Ne4 Rxa2 30. Nd6 Rd8 31. Rb7 Nd7 32. Rc7 Nb6 33. c5
Nd5 34. Rb7 Rc2 35. Rxa7 Rxc5 36. Nxf7 Rf8 37. Ng5 Nc7 38. Rxc7 Rxc7 39. Nxe6
Rc2 40. Nxf8 Kxf8 41. Ra1 Kf7 42. Ra6 Rc5 43. Ra7+ Kg6 44. Re7 Rc2 45. h3 h6
46. Kh2 Rc3 47. g4 Ra3 48. Kg2 1/2-1/2

[Event "SR 2. liga A 2013/2014"]
[Site "?"]
[Date "2013.11.24"]
[Round "4.5"]
[White "Jablonicky, Frantisek"]
[Black "Mikulas, Dusan"]
[Result "0-1"]
[WhiteElo "2146"]
[BlackElo "2112"]
[PlyCount "62"]
[EventDate "2013.??.??"]

1. Nf3 g6 2. g3 Bg7 3. Bg2 e5 4. O-O Nc6 5. c4 d6 6. Nc3 Nge7 7. Rb1 f5 8. d3
O-O 9. Bd2 h6 10. b4 Qe8 11. Nd5 Nxd5 12. cxd5 Ne7 13. Qb3 Qf7 14. Qc4 c6 15.
dxc6 Be6 16. Qc2 bxc6 17. a3 Rac8 18. Rfc1 g5 19. Be1 f4 20. Nd2 Nf5 21. Nc4
Nd4 22. Qd1 Rcd8 23. Na5 f3 24. exf3 Bd5 25. Kh1 Bxf3 26. Bxf3 Nxf3 27. Nxc6
Qh5 28. Kg2 Qxh2+ 29. Kf1 Rde8 30. Rc2 e4 31. d4 e3 0-1

[Event "SR 2. liga A 2013/2014"]
[Site "?"]
[Date "2013.11.24"]
[Round "4.5"]
[White "Kuna, Vladimir"]
[Black "Spacek, Oliver"]
[Result "0-1"]
[WhiteElo "1997"]
[BlackElo "2041"]
[PlyCount "58"]
[EventDate "2013.??.??"]

1. d4 Nf6 2. Nf3 g6 3. c4 c5 4. Nc3 cxd4 5. Nxd4 d5 6. e3 a6 7. Qb3 e5 8. Nf3
d4 9. Nd5 Nc6 10. Be2 Nxd5 11. cxd5 Na5 12. Qd1 Qxd5 13. O-O Bg7 14. exd4 exd4
15. Qa4+ Bd7 16. Qa3 Bf8 17. b4 Nc4 18. Qb3 b5 19. Re1 Be6 20. Bd3 Rc8 21. Ng5
Bg7 22. Nxe6 fxe6 23. a4 O-O 24. axb5 axb5 25. Be4 Qd6 26. Qh3 d3 27. Ra7 d2
28. Rxg7+ Kxg7 29. Qc3+ e5 0-1

[Event "SR 2. liga A 2013/2014"]
[Site "?"]
[Date "2013.11.24"]
[Round "4.5"]
[White "Klimes, Milan"]
[Black "Jablonicky, Martin"]
[Result "0-1"]
[WhiteElo "1872"]
[BlackElo "1967"]
[PlyCount "72"]
[EventDate "2013.??.??"]

1. e4 e5 2. Nf3 Nc6 3. Bb5 Nf6 4. O-O Nxe4 5. Qe2 Nf6 6. d4 e4 7. c3 Be7 8. Ne5
a6 9. Ba4 Nb8 10. Bg5 b5 11. Bb3 d5 12. a4 c6 13. axb5 cxb5 14. Na3 O-O 15. f3
b4 16. Nb1 bxc3 17. bxc3 Be6 18. Bc2 Nfd7 19. Bxe7 Qxe7 20. Nxd7 Bxd7 21. fxe4
Bb5 22. Bd3 Bxd3 23. Qxd3 dxe4 24. Qe2 f5 25. Ra5 Qd7 26. Qc4+ Kh8 27. Rd5 Qc6
28. Rfxf5 Re8 29. Rc5 Qh6 30. Rc8 Nd7 31. Rxa8 Rxa8 32. Qd5 Qe3+ 33. Kf1 Rb8
34. Nd2 Qxd2 35. Qxe4 Nf6 36. Qe1 Qd3+ 0-1

[Event "SR 2. liga A 2013/2014"]
[Site "?"]
[Date "2013.11.24"]
[Round "4.5"]
[White "Spacek, Marcel"]
[Black "Belej, Marian"]
[Result "0-1"]
[WhiteElo "1818"]
[BlackElo "1736"]
[PlyCount "73"]
[EventDate "2013.??.??"]

1. d4 Nf6 2. c4 e6 3. g3 d5 4. Nf3 c5 5. Bg2 Nc6 6. cxd5 Nxd5 7. O-O Be7 8. Nc3
Nf6 9. Bf4 O-O 10. dxc5 Bxc5 11. Qb3 Qe7 12. Bg5 h6 13. Bh4 Nd4 14. Bxf6 Qxf6
15. Qc4 Nxf3+ 16. Bxf3 Bb6 17. Na4 Bd4 18. Rfd1 e5 19. Nc3 Be6 20. Qb4 g5 21.
Ne4 Qg7 22. e3 a5 23. Qb5 Ba7 24. Nd6 Qf6 25. Bxb7 Rab8 26. Qa6 Bc5 27. Ne4 Qe7
28. Qc6 Rxb7 29. Nxc5 Rc7 30. Rd7 Rxd7 31. Nxd7 Bxd7 32. Qxh6 Rc8 33. Rd1 Bf5
34. h4 gxh4 35. gxh4 Qf8 36. Qh5 Qg7+ 37. Kh2 0-1

[Event "SR 2. liga A 2013/2014"]
[Site "?"]
[Date "2013.11.24"]
[Round "4.6"]
[White "Rohacek, Miroslav"]
[Black "Kovacocy, Pavel"]
[Result "1/2-1/2"]
[WhiteElo "2246"]
[BlackElo "2198"]
[PlyCount "91"]
[EventDate "2013.??.??"]

1. Nf3 g6 2. c4 Bg7 3. Nc3 d6 4. g3 Nf6 5. Bg2 O-O 6. O-O c6 7. Qc2 e5 8. d3 h6
9. c5 Re8 10. cxd6 Qxd6 11. Nd2 Na6 12. a3 Be6 13. b4 Rad8 14. Nde4 Nxe4 15.
Nxe4 Qb8 16. Bb2 Bd5 17. f4 f5 18. Nc3 Bxg2 19. Kxg2 Qd6 20. Rad1 c5 21. b5 Nc7
22. e4 exf4 23. gxf4 Ne6 24. Nd5 Bxb2 25. Qxb2 Nd4 26. Rde1 Re6 27. a4 Kh7 28.
Qa2 b6 29. Re3 Rde8 30. Rfe1 fxe4 31. dxe4 Rd8 32. Qc4 h5 33. Qa2 Kh6 34. Qd2
Kg7 35. Rg3 Rxe4 36. Rxe4 Qxd5 37. Rge3 Nf5 38. Qxd5 Nxe3+ 39. Rxe3 Rxd5 40.
Re7+ Kf6 41. Rxa7 Rd4 42. Kf3 Rb4 43. Ra8 Kf5 44. Rf8+ Ke6 45. Rg8 Kf5 46. Rf8+
1/2-1/2

[Event "SR 2. liga A 2013/2014"]
[Site "?"]
[Date "2013.11.24"]
[Round "4.6"]
[White "Liptak, Dusan"]
[Black "Machalova, Maria"]
[Result "0-1"]
[WhiteElo "2108"]
[BlackElo "2091"]
[PlyCount "80"]
[EventDate "2013.??.??"]

1. Nf3 c5 2. e4 Nc6 3. d4 cxd4 4. Nxd4 g6 5. c4 Bg7 6. Be3 Nf6 7. Nc3 O-O 8.
Nb3 d6 9. Be2 a5 10. Rc1 Bd7 11. O-O a4 12. Nd2 Ne5 13. h3 Bc6 14. g4 Qa5 15.
a3 Ned7 16. Qe1 Nc5 17. f3 e5 18. Qh4 Ne6 19. Rfd1 Nf4 20. Bf1 Rad8 21. Qf2 Nd7
22. Nb5 Nc5 23. b4 axb3 24. Bxc5 dxc5 25. Nxb3 Qa4 26. Rxd8 Rxd8 27. Nxc5 Qa8
28. Ra1 b6 29. Nb3 Bxb5 30. cxb5 Rd3 31. Qc2 Rxf3 32. a4 Qd8 33. Kh2 Qh4 34.
Rb1 Rf2+ 35. Qxf2 Qxf2+ 36. Kh1 Qf3+ 37. Kh2 Qxe4 38. Rc1 Qxa4 39. Rc8+ Bf8 40.
Nd2 Qd4 0-1

[Event "SR 2. liga A 2013/2014"]
[Site "?"]
[Date "2013.11.24"]
[Round "4.6"]
[White "Padysak, Tomas"]
[Black "Arendas, Marek"]
[Result "1/2-1/2"]
[WhiteElo "2065"]
[BlackElo "2096"]
[PlyCount "34"]
[EventDate "2013.??.??"]

1. e4 c6 2. d4 d5 3. Nc3 dxe4 4. Nxe4 Nf6 5. Ng3 g6 6. Nf3 Bg7 7. c3 O-O 8. Bc4
Nbd7 9. O-O b5 10. Be2 Bb7 11. a4 a6 12. Qc2 Qc7 13. Bg5 e5 14. dxe5 Nxe5 15.
Kh1 Nxf3 16. Bxf3 c5 17. Bxb7 Qxb7 1/2-1/2